Iran City Quiz - Statistics

General Stats
  • This quiz has been taken 43 times
  • The average score is 5 of 8
Answer Stats
City % Correct
Tehran
100%
Isfahan
79%
Mashhad
64%
Shiraz
64%
Qom
61%
Tabriz
61%
Ahvaz
39%
Karaj
32%
No matching quizzes found
Score Distribution
Percent of People with Each Score
Percentile by Number Answered
Your Score History
You have not taken this quiz